000 00915aam a2200301 i 4500
001 768714001
003 CO-MdFUSB
005 20250509124628.0
007 ta
008 250509t1959 cl |||| |||| 00| 0 spa d
040 _cCO-MdFUSB
041 0 _aspa
082 0 4 _223
_a242
_bS6131e
100 1 _aSimpson, A. B. (Albert B.)
_eautor
245 1 0 _aEcos de la nueva creación :
_bmeditaciones devocionales sobre la cruz, la resurrección y la vida futura
_c/ A. B. Simpson ; traducido por Wilfred Diener
264 1 _bAlianza,
_aTemuco, Chile :
_c[1959]
264 4 _c©1959
300 _a127 páginas
336 _atexto
_btxt
_2rdacontent
337 _2rdamedia
_asin mediación
_bn
338 _2rdacarrier
_avolumen
_bnc
563 _aRústico
650 0 _aVida cristiana
_919
653 _aMeditaciones cristianas
700 _aDiener, Wilfred,
_911439
_etraductor
942 _cBK
945 _aJTF-925
999 _c35459
_d35459